Futuro anterior: historia, clínica, subjetividades

Enregistré dans:
Détails bibliographiques
Auteur principal: Aceituno Morales, Roberto (Auteur)
Format: Livre
Langue:espagnol
Publié: Santiago Universitaria 2011
Édition:1a. ed
Collection:Estudios
Sujets:
Tags: Ajouter un tag
Pas de tags, Soyez le premier à ajouter un tag!

MARC

LEADER 00000cam a2200000 a 4500
001 UCG8272
003 CL-VaPUC
008 111202e20110000CL |||||||||||||||||spa|d
020 |a 9789561123250 
082 0 4 |a 616.89  |b ACE  |2 21 
100 0 |a Aceituno Morales, Roberto  |e author  |9 559236 
245 1 0 |a Futuro anterior: historia, clínica, subjetividades 
250 |a 1a. ed 
300 |a 194 p 
942 |c BK 
945 |d 20111202 00:00:00  |a cmena 
260 |a Santiago  |b Universitaria  |c 2011 
650 0 |a Psicopatología   |9 307473 
650 0 |a Psicoanálisis   |9 265702 
583 |a last modification  |c 20111202 14:14:00  |k Rodrigo Vera 
490 0 |a Estudios 
999 |c 345892  |d 345890 
952 |0 0  |1 0  |4 0  |6 616_890000000000000_ACE_2011  |7 0  |8 A  |9 446274  |a BIBHIS  |b BIBHIS  |d 2019-11-22  |i 4808320  |o 616.89 ACE 2011  |p 4808320  |r 2025-01-20  |w 2019-11-22  |y BK  |k HIS